| 000 | 00000nas 2200000za 4500 |
| 001 | 9.804901 |
| 003 | CaOODSP |
| 005 | 20250303104652 |
| 007 | cr ||||||||||| |
| 008 | 150406d18941900xxc x m o||||f0 |0eng|d |
| 040 | |aCaOODSP|beng |
| 043 | |an-cn--- |
| 086 | 1 |aA54-4E-PDF |
| 130 | 0 |aExperimental Farm notes. |
| 245 | 00|aExperimental Farm notes |h[electronic resource]. |
| 260 | |aOttawa : |bGovernment Printing Bureau, |c1894 - [1900?]. |
| 300 | |a8 v. : |bill. |
| 362 | 0 |aNo. 1 (1894) - no. [8] (1900?). |
| 500 | |aHistorical publications digitized by Agriculture and Agri-Food Canada. |
| 515 | |aSome publications lack date and/or numbering. |
| 692 | 07|2gccst|aAgriculture |
| 692 | 07|2gccst|aResearch |
| 710 | 1 |aCanada. |bDepartment of Agriculture. |
| 710 | 2 |aDominion Experimental Farms and Stations (Canada) |